Normal view MARC view
  • PHOTOSHOP ELEMENTS 4.0.ADOBE PHOTOSHOP ELEMENTS.PHOTOGRAPHY-DIGITAL TECHNIQUES.COMPUTER GRAPHICS

Entry Topical Term

Number of records used in: 1

001 - CONTROL NUMBER

  • control field: 64346

003 - CONTROL NUMBER IDENTIFIER

  • control field: NUST

005 - DATE AND TIME OF LATEST TRANSACTION

  • control field: 20210628203246.0

008 - FIXED-LENGTH DATA ELEMENTS

  • fixed length control field: 210628|| aca||aabn | a|a d

040 ## - CATALOGING SOURCE

  • Original cataloging agency: NUST
  • Transcribing agency: NUST

150 ## - HEADING--TOPICAL TERM

  • Topical term or geographic name entry element: PHOTOSHOP ELEMENTS 4.0.ADOBE PHOTOSHOP ELEMENTS.PHOTOGRAPHY-DIGITAL TECHNIQUES.COMPUTER GRAPHICS

670 ## - SOURCE DATA FOUND

  • Source citation: Work cat.: (NUST): Plotkin, David 64345, How to do everything with photoshop elements 4.0, 2006
© 2023 Central Library, National University of Sciences and Technology. All Rights Reserved.